| 000 | 00414nam a22001697a 4500 | ||
|---|---|---|---|
| 003 | CEME | ||
| 005 | 20210628203146.0 | ||
| 008 | 210203b xxu||||| |||| 00| 0 eng d | ||
| 020 | _a9780471973171 | ||
| 040 | _c. | ||
| 082 | _a658.049 TRA | ||
| 100 |
_aTravis, Tom _963679 |
||
| 245 | _aThe essential guide to going global | ||
| 260 |
_aUSA _bJOHN WILEY & SONS _c2007 |
||
| 300 | _aXVI, 202P | ||
| 942 |
_cBK _2ddc |
||
| 999 |
_c572424 _d572424 |
||